Giải pháp nâng cao mức độ nhận biết của khách hàng đối với thương hiệu Sense City : Luận văn Thạc sĩ Kinh tế. Chuyên ngành Quản trị kinh doanh
Đo lường và đánh giá mức độ nhận biết của khách hàng đối với thương hiệu Sense City, đánh giá các yếu tố ảnh hưởng đến mức độ nhận biết của khách hàng.
Gardado en:
| Autor Principal: | |
|---|---|
| Formato: | Libro |
| Idioma: | Undetermined |
| Publicado: |
Cần Thơ
Trường Đại học Cần Thơ
2017
|
| Những chủ đề: | |
| Các nhãn: |
Engadir etiqueta
Sen Etiquetas, Sexa o primeiro en etiquetar este rexistro!
|
| Thư viện lưu trữ: | Trung tâm Học liệu Trường Đại học Cần Thơ |
|---|
| LEADER | 01088nam a2200205Ia 4500 | ||
|---|---|---|---|
| 001 | CTU_224201 | ||
| 008 | 210402s9999 xx 000 0 und d | ||
| 082 | |a 658.827 | ||
| 082 | |b H116 | ||
| 088 | |a 60340102 | ||
| 100 | |a Ngô, Mộng Hằng | ||
| 245 | 0 | |a Giải pháp nâng cao mức độ nhận biết của khách hàng đối với thương hiệu Sense City : | |
| 245 | 0 | |b Luận văn Thạc sĩ Kinh tế. Chuyên ngành Quản trị kinh doanh | |
| 245 | 0 | |c Ngô Mộng Hằng ; Võ Thành Danh (Cán bộ hướng dẫn) | |
| 260 | |a Cần Thơ | ||
| 260 | |b Trường Đại học Cần Thơ | ||
| 260 | |c 2017 | ||
| 520 | |a Đo lường và đánh giá mức độ nhận biết của khách hàng đối với thương hiệu Sense City, đánh giá các yếu tố ảnh hưởng đến mức độ nhận biết của khách hàng. | ||
| 650 | |a Thương hiệu (Tiếp thị),Branding (Marketing) | ||
| 980 | |a Trung tâm Học liệu Trường Đại học Cần Thơ | ||